| 000 | 03192cam a22004458i 4500 | ||
|---|---|---|---|
| 001 | 22101286 | ||
| 003 | JO-AjAnu | ||
| 005 | 20240805102838.0 | ||
| 006 | m |o d | | ||
| 007 | cr_||||||||||| | ||
| 008 | 210612s2022 nju ob 001 0 eng | ||
| 010 | _a 2021021098 | ||
| 020 |
_a9781119716822 _q(ebook) |
||
| 020 |
_a9781119716778 _q(pdf) |
||
| 020 |
_a9781119716792 _q(epub) |
||
| 020 |
_z9781119716709 _q(hardback) |
||
| 040 |
_aDLC _beng _cDLC _erda _dJO-AjAnu |
||
| 042 | _apcc | ||
| 050 | 0 | 0 | _aR853.S7 |
| 082 | 0 | 0 |
_a610.72/7 _223 |
| 100 | 1 |
_aJiang, Jingmei, _d1958- _eauthor. |
|
| 245 | 1 | 0 |
_aApplied medical statistics / _cJingmei Jiang. |
| 263 | _a2109 | ||
| 264 | 1 |
_aHoboken, NJ : _bJohn Wiley & Sons, Inc., _c2022. |
|
| 300 | _a1 online resource | ||
| 336 |
_atext _btxt _2rdacontent |
||
| 337 |
_acomputer _bc _2rdamedia |
||
| 338 |
_aonline resource _bcr _2rdacarrier |
||
| 504 | _aIncludes bibliographical references and index. | ||
| 505 | 0 | _aWhat is biostatistics -- Descriptive statistics -- Fundamentals of probability -- Discrete random variable -- Continuous random variable -- Sampling distribution and parameter estimation -- Hypothesis testing for one parameter -- Hypothesis testing for two population parameters -- One-way analysis of variance -- Analysis of variance in different experimental -- X2 test -- Nonparametric tests based on rank -- Simple linear regression -- Simple linear correlation -- Multiple linear regression -- Logistic regression -- Survival analysis -- Evaluation of diagnostic tests -- Observational study design -- Experimental study design. | |
| 520 |
_a"Over the past few decades, biomedical data have proliferated rapidly, and opportunities have arisen to use this data to improve human health. Burgeoning methods, such as machine learning techniques, have emerged to respond to the fast growth of the volume of data, and to exploit data in an effective and efficient manner. These methods were founded on statistical learning theory, which is an expansion of traditional statistics. Therefore, cultivating basic statistical thinking capability plays an important and fundamental role in mastering these state-of-the-art methods and embracing the upcoming big data era, which makes a course of introductory biostatistics an indispensable part of the curriculum for medical students. However, as a branch of mathematics, statistics is characterized by hierarchically organized concepts, but a conceptual understanding of statistics is not always intuitive, which makes biostatistics an obstacle that is regarded as a burden for most medical students"-- _cProvided by publisher. |
||
| 588 | _aDescription based on print version record and CIP data provided by publisher; resource not viewed. | ||
| 650 | 0 |
_aMedicine _xResearch _xStatistical methods _vTextbooks. |
|
| 650 | 0 |
_aMedical statistics _vTextbooks. |
|
| 650 | 0 |
_aBiometry _vTextbooks. |
|
| 776 | 0 | 8 |
_iPrint version: _aJiang, Jingmei, 1958- _tApplied medical statistics _dHoboken, NJ : John Wiley & Sons, Inc., 2022 _z9781119716709 _w(DLC) 2021021097 |
| 906 |
_a7 _bcbc _corignew _d1 _eecip _f20 _gy-gencatlg |
||
| 942 |
_2lcc _cBK _n0 |
||
| 999 |
_c33609 _d33609 |
||